Statistics for Famous People By Real Name #1

Click here to take the quiz!

General Stats

  • This quiz has been taken 45 times
  • The average score is 5 of 10

Answer Stats

HintAnswer% Correct
Marshall Bruce Mathers IIIEminem
90%
Samuel Langhorne ClemensMark Twain
68%
Cherilyn SarkisianCher
66%
Shawn Corey CarterJay-Z
63%
Paul David HewsonBono
56%
Edson Arantes do NascimentoPele
49%
Alicia Augello CookAlicia Keys
46%
Theodor GeiselDr. Seuss
39%
Stanley Martin LieberStan Lee
20%
Eileen Regina EdwardsShania Twain
17%

Score Distribution

Percentile by Number Answered

Percent of People with Each Score

Your Score History

You have not taken this quiz